Pokémon - Talent (6) - Statistiques

Statistiques générales
  • Ce quiz a été pris 45 fois
  • Le résultat moyen est 62 sur 90
Statistiques - réponses
Question Tuile Select % Correct
Quels sont les Pokémon possédant le talent Point Poison ? Non
95%
Quels sont les Pokémon possédant le talent Point Poison ? Non
93%
Quels sont les Pokémon possédant le talent Toxitouche ? Non
93%
Quels sont les Pokémon possédant le talent Pose Spore ? Non
93%
Quels sont les Pokémon possédant le talent Toxitouche ? Non
90%
Quels sont les Pokémon possédant le talent Pose Spore ? Non
90%
Quels sont les Pokémon possédant le talent Toxitouche ? Non
88%
Quels sont les Pokémon possédant le talent Soin Poison ? Non
88%
Quels sont les Pokémon possédant le talent Soin Poison ? Non
88%
Quels sont les Pokémon possédant le talent Pose Spore ? Non
88%
Quels sont les Pokémon possédant le talent Pose Spore ? Non
88%
Quels sont les Pokémon possédant le talent Engrais ? Non
88%
Quels sont les Pokémon possédant le talent Délestage ? Non
88%
Quels sont les Pokémon possédant le talent Délestage ? Non
88%
Quels sont les Pokémon possédant le talent Soin Poison ? Non
86%
Quels sont les Pokémon possédant le talent Engrais ? Non
86%
Quels sont les Pokémon possédant le talent Engrais ? Non
86%
Quels sont les Pokémon possédant le talent Engrais ? Non
86%
Quels sont les Pokémon possédant le talent Maladresse ? Non
86%
Quels sont les Pokémon possédant le talent Annule Garde ? Non
86%
Quels sont les Pokémon possédant le talent Annule Garde ? Non
86%
Quels sont les Pokémon possédant le talent Annule Garde ? Non
86%
Quels sont les Pokémon possédant le talent Soin Poison ? Non
83%
Quels sont les Pokémon possédant le talent Soin Poison ? Non
83%
Quels sont les Pokémon possédant le talent Soin Poison ? Non
83%
Quels sont les Pokémon possédant le talent Soin Poison ? Non
83%
Quels sont les Pokémon possédant le talent Pose Spore ? Oui
83%
Quels sont les Pokémon possédant le talent Toxitouche ? Non
81%
Quels sont les Pokémon possédant le talent Toxitouche ? Non
81%
Quels sont les Pokémon possédant le talent Pose Spore ? Oui
81%
Quels sont les Pokémon possédant le talent Engrais ? Non
81%
Quels sont les Pokémon possédant le talent Engrais ? Oui
81%
Quels sont les Pokémon possédant le talent Délestage ? Oui
81%
Quels sont les Pokémon possédant le talent Annule Garde ? Non
81%
Quels sont les Pokémon possédant le talent Annule Garde ? Non
81%
Quels sont les Pokémon possédant le talent Point Poison ? Non
79%
Quels sont les Pokémon possédant le talent Soin Poison ? Oui
79%
Quels sont les Pokémon possédant le talent Engrais ? Oui
79%
Quels sont les Pokémon possédant le talent Maladresse ? Non
79%
Quels sont les Pokémon possédant le talent Annule Garde ? Oui
79%
Quels sont les Pokémon possédant le talent Soin Poison ? Oui
76%
Quels sont les Pokémon possédant le talent Maladresse ? Non
76%
Quels sont les Pokémon possédant le talent Point Poison ? Non
74%
Quels sont les Pokémon possédant le talent Pose Spore ? Oui
74%
Quels sont les Pokémon possédant le talent Engrais ? Non
74%
Quels sont les Pokémon possédant le talent Délestage ? Non
74%
Quels sont les Pokémon possédant le talent Maladresse ? Non
74%
Quels sont les Pokémon possédant le talent Annule Garde ? Non
74%
Quels sont les Pokémon possédant le talent Toxitouche ? Oui
71%
Quels sont les Pokémon possédant le talent Pose Spore ? Oui
71%
Quels sont les Pokémon possédant le talent Délestage ? Oui
71%
Quels sont les Pokémon possédant le talent Annule Garde ? Oui
71%
Quels sont les Pokémon possédant le talent Annule Garde ? Oui
71%
Quels sont les Pokémon possédant le talent Point Poison ? Oui
69%
Quels sont les Pokémon possédant le talent Point Poison ? Oui
69%
Quels sont les Pokémon possédant le talent Fuite ? Non
69%
Quels sont les Pokémon possédant le talent Fuite ? Non
69%
Quels sont les Pokémon possédant le talent Fuite ? Oui
69%
Quels sont les Pokémon possédant le talent Regard Vif ? Non
69%
Quels sont les Pokémon possédant le talent Point Poison ? Non
67%
Quels sont les Pokémon possédant le talent Fuite ? Oui
67%
Quels sont les Pokémon possédant le talent Délestage ? Non
67%
Quels sont les Pokémon possédant le talent Regard Vif ? Oui
64%
Quels sont les Pokémon possédant le talent Engrais ? Oui
64%
Quels sont les Pokémon possédant le talent Toxitouche ? Oui
62%
Quels sont les Pokémon possédant le talent Regard Vif ? Oui
62%
Quels sont les Pokémon possédant le talent Regard Vif ? Oui
60%
Quels sont les Pokémon possédant le talent Regard Vif ? Non
57%
Quels sont les Pokémon possédant le talent Délestage ? Oui
57%
Quels sont les Pokémon possédant le talent Délestage ? Oui
57%
Quels sont les Pokémon possédant le talent Délestage ? Oui
55%
Quels sont les Pokémon possédant le talent Toxitouche ? Oui
52%
Quels sont les Pokémon possédant le talent Regard Vif ? Non
52%
Quels sont les Pokémon possédant le talent Fuite ? Oui
50%
Quels sont les Pokémon possédant le talent Regard Vif ? Oui
50%
Quels sont les Pokémon possédant le talent Maladresse ? Oui
50%
Quels sont les Pokémon possédant le talent Point Poison ? Oui
48%
Quels sont les Pokémon possédant le talent Toxitouche ? Non
43%
Quels sont les Pokémon possédant le talent Regard Vif ? Oui
43%
Quels sont les Pokémon possédant le talent Point Poison ? Oui
40%
Quels sont les Pokémon possédant le talent Fuite ? Oui
40%
Quels sont les Pokémon possédant le talent Maladresse ? Oui
40%
Quels sont les Pokémon possédant le talent Regard Vif ? Non
38%
Quels sont les Pokémon possédant le talent Fuite ? Oui
36%
Quels sont les Pokémon possédant le talent Maladresse ? Oui
31%
Quels sont les Pokémon possédant le talent Maladresse ? Oui
31%
Quels sont les Pokémon possédant le talent Maladresse ? Non
29%
Quels sont les Pokémon possédant le talent Fuite ? Oui
24%
Quels sont les Pokémon possédant le talent Pose Spore ? Oui
19%
Quels sont les Pokémon possédant le talent Fuite ? Oui
12%
Aucun quiz correspondant
Distribution des résultats
% des personnes avec chaque résultat
Percentile par nombre de réponses
Votre historique - résultats
Vous n’avez pas pris ce quiz